|
|
|
|
| LEADER |
00000cam a2200000 a 4500 |
| 001 |
vtls001180044 |
| 003 |
SK-MaSNL |
| 005 |
20260301063525.0 |
| 008 |
250414s1995 gw a j 0000f ger |
| 015 |
|
|
|a SNBZSA1995
|
| 020 |
|
|
|a 3812233266
|
| 035 |
|
|
|a SNK000123046
|
| 040 |
|
|
|a SNK
|b slo
|c SNK
|e AACR2
|
| 041 |
0 |
|
|a ger
|
| 044 |
|
|
|a gw
|c DE
|
| 080 |
|
|
|a 850-93-34=30
|2 1981
|
| 100 |
1 |
|
|a Collodi, Carlo,
|d 1826-1890
|4 aut
|9 120479
|
| 245 |
1 |
0 |
|a Pinocchio
|c Carlo Collodi ; Text: Ingrid Pabst ; Ill. Milada Krautmann
|
| 260 |
|
|
|a Stuttgart
|b Unipart
|c 1995
|e [Martin]
|f [Neografia]
|
| 300 |
|
|
|a 69 s.
|c 29 cm
|
| 700 |
1 |
|
|a Pabst, Ingrid,
|d 1962-
|4 com
|9 238305
|
| 700 |
1 |
|
|a Krautmann, Milada,
|d 1956-
|4 ill
|9 62205
|
| 852 |
|
|
|a Slovenská národná knižnica
|
| 919 |
|
|
|a 3 8122 3326 6
|
| 954 |
|
|
|a rozprávky talianske
|
| 999 |
|
|
|c 624157
|d 626087
|
| 952 |
|
|
|a SNK
|b SNK
|y PREZ
|7 0
|p 17A0906954
|o snkSB 54373
|i snkKSP 7733/95
|0 0
|1 0
|4 0
|d 2015-10-22
|l 0
|r 2026-02-23 17:05:21
|w 2026-02-23
|